| 000 | 00647nam a22001937a 4500 | ||
|---|---|---|---|
| 005 | 20150810124332.0 | ||
| 010 | _aENG-113591 | ||
| 020 |
_a9780415748186 _c795.00 |
||
| 035 | _aEN-97123 | ||
| 037 | _bDBAD/PUB | ||
| 082 | _a658.514 | ||
| 245 |
_aRethinking innovation : _cedited by Ram Subramanian...[et al] _bglobal perspectives / |
||
| 260 |
_aNew Delhi _bRoutledge _c2014 |
||
| 270 |
_a912 Tolstoy House, 15-17 Tolstoy Marg, Connaught Place _bNew Delhi _e110001 |
||
| 300 |
_axvi,300p. _c23cm(Hb) |
||
| 500 | _aIncludes bibliographical references and index | ||
| 700 | _aSubramanian, Ram | ||
| 942 |
_2ddc _cEN _mRET _h658.514 |
||
| 999 |
_c95165 _d95165 |
||